Domingo de Ramos Cádiz - Estadísticas

Estadísticas generales
  • Esta prueba ha sido intentada 20 veces
  • La puntuación promedio es 7 de 8
Estadísticas de respuestas
Imagen Respuesta % Correcto
Jesús del Milagro en la Sagrada Cena
100%
Jesús Despojado
100%
Cristo de la Humildad y Paciencia
94%
Jesús de la Paz
94%
Jesús de las Penas
94%
Virgen de la Amargura
81%
Virgen del Amparo
81%
VIrgen de la Caridad
75%
No se encontraron pruebas coincidentes
Distribución de puntuación
Porcentaje de gente con cada puntuación
Porcentaje por número respondido
Historial de tus puntuaciones
No has intentado esta prueba.